Hướng dẫn thực hành hạch toán kế toán thuế giá trị gia tăng, thuế tiêu thụ đặc biệt, thuế xuất nhập khẩu và thuế thu nhập doanh nghiệp (áp dụng từ 01/01/1999)
Sách hướng dẫn thực hành hạch toán kế toán thuế giá trị gia tăng, thuế tiêu thụ đặc biệt, thuế xuất nhập khẩu và thuế thu nhập doanh nghiệp gồm hướng dẫn hạch toán, bài tập, sơ đồ hạch toán, phương pháp lập báo cáo tài chính doanh n...
محفوظ في:
| المؤلف الرئيسي: | |
|---|---|
| التنسيق: | كتاب |
| اللغة: | Undetermined |
| منشور في: |
Hà Nội
Thống Kê
1999
|
| الموضوعات: | |
| الوسوم: |
إضافة وسم
لا توجد وسوم, كن أول من يضع وسما على هذه التسجيلة!
|
| Thư viện lưu trữ: | Trung tâm Học liệu Trường Đại học Cần Thơ |
|---|
| LEADER | 01267nam a2200217Ia 4500 | ||
|---|---|---|---|
| 001 | CTU_32124 | ||
| 008 | 210402s9999 xx 000 0 und d | ||
| 020 | |b 76.000đ | ||
| 082 | |a 657.2076 | ||
| 082 | |b Nh304 | ||
| 100 | |a Nguyễn Văn Nhiệm | ||
| 245 | 0 | |a Hướng dẫn thực hành hạch toán kế toán thuế giá trị gia tăng, thuế tiêu thụ đặc biệt, thuế xuất nhập khẩu và thuế thu nhập doanh nghiệp (áp dụng từ 01/01/1999) | |
| 245 | 0 | |c Nguyễn Văn Nhiệm | |
| 260 | |a Hà Nội | ||
| 260 | |b Thống Kê | ||
| 260 | |c 1999 | ||
| 520 | |a Sách hướng dẫn thực hành hạch toán kế toán thuế giá trị gia tăng, thuế tiêu thụ đặc biệt, thuế xuất nhập khẩu và thuế thu nhập doanh nghiệp gồm hướng dẫn hạch toán, bài tập, sơ đồ hạch toán, phương pháp lập báo cáo tài chính doanh nghiệp, và các văn bản pháp luật hướng dẫn thi hành mới nhất | ||
| 650 | |a Corporations | ||
| 650 | |x Accounting,Taxation | ||
| 904 | |i Minh, 990720 | ||
| 980 | |a Trung tâm Học liệu Trường Đại học Cần Thơ | ||